000 01617nam a2200385Ia 4500
001 ebr10726730
003 CaPaEBR
006 m o u
007 cr cn|||||||||
008 081021s2008 dcuab sb 001 0 eng d
010 _z 2008045367
020 _z0875904459
020 _z9780875904450
020 _z9781118672624 (ebook)
040 _aCaPaEBR
_cCaPaEBR
035 _a(OCoLC)772503537
050 1 4 _aGB2595
_b.A735 2008eb
082 0 4 _a551.34/3091632
_222
245 0 0 _aArctic sea ice decline
_h[electronic resource] :
_bobservations, projections, mechanisms, and implications /
_cEric T. DeWeaver, Cecilia M. Bitz, L.-Bruno Tremblay, editors.
260 _aWashington, DC :
_bAmerican Geophysical Union,
_cc2008.
300 _aviii, 269 p. :
_bill. (some col.), maps (some col.)
440 0 _aGeophysical monograph,
_x0065-8448 ;
_v180
504 _aIncludes bibliographical references and index.
533 _aElectronic reproduction.
_bPalo Alto, Calif. :
_cebrary,
_d2013.
_nAvailable via World Wide Web.
_nAccess may be limited to ebrary affiliated libraries.
650 0 _aClimatic changes
_xEnvironmental aspects
_zArctic regions.
650 0 _aEnvironmental impact analysis
_zArctic regions.
650 0 _aSea ice
_zArctic regions.
651 0 _aArctic regions
_xClimate.
655 7 _aElectronic books.
_2local
700 1 _aBitz, Cecilia M.
700 1 _aDeWeaver, Eric T.,
_d1964-
700 1 _aTremblay, L.-Bruno.
710 2 _aebrary, Inc.
856 4 0 _uhttp://site.ebrary.com/lib/rucke/Doc?id=10726730
_zAn electronic book accessible through the World Wide Web; click to view
999 _c38935
_d38935